000 00709nam a2200169Ia 4500
003 GCL
008 140319s9999 xx 000 0 ara d
040 _aGCL /
_cGCL
082 0 4 _a650.75
_bر ك
100 1 _aراتب الزيات
245 1 0 _aالكنز المكنون فى اصول كتابة الرسائل :
_bباللغات العربية والانجليزية والفرنسية رسائل تجارية - اجتماعية - قانونية - بنوك /
_cراتب الزيات
260 _aبيروت :
_bدار الراتب الجامعية ،
_c1996
300 _a336 ص ؛
_c24ؤ سم
650 0 4 _aادارة الاعمال
650 0 4 _aالمراسلات التجارية
942 _2ddc
_cBK
999 _c48310
_d48310